Simplicius: commentaire sur les categories d'Aristote
Guardat en:
| Format: | Llibre |
|---|---|
| Idioma: | francès |
| Publicat: |
París
Beatrice-Nauwelaerts
1971
|
| Col·lecció: | Corpus Latinum Commentariorum in Aristotelem Graecorum
|
| Matèries: | |
| Etiquetes: |
Afegir etiqueta
Sense etiquetes, Sigues el primer a etiquetar aquest registre!
|
MARC
| LEADER | 00000nam a2200000 a 4500 | ||
|---|---|---|---|
| 001 | UCX7525 | ||
| 003 | CL-VaPUC | ||
| 008 | 931213e19710000FR |||||||||||||||||fre|d | ||
| 082 | 0 | 4 | |a 185 |b SIM |2 21 |
| 245 | 1 | 0 | |a Simplicius: commentaire sur les categories d'Aristote |
| 300 | |a v | ||
| 942 | |c BK | ||
| 945 | |d 19931213 00:00:00 |a aalvarez | ||
| 260 | |a París |b Beatrice-Nauwelaerts |c 1971 | ||
| 600 | 0 | |a Aristóteles, |d 384 a.C.- 322 a.C. |9 194 | |
| 583 | |a last modification |c 19931213 00:00:00 |k Rodrigo Vera | ||
| 490 | 0 | |a Corpus Latinum Commentariorum in Aristotelem Graecorum | |
| 999 | |c 227327 |d 227325 | ||
| 952 | |0 0 |1 0 |4 0 |6 185_000000000000000_SIM_1971 |7 0 |8 P |9 226270 |a BIBEDU |b BIBEDU |c BIBEDU_PB |d 2019-11-15 |h v.1 |i 2955512 |o 185 SIM 1971 |p 2955512 |r 2024-01-25 |w 2019-11-15 |y BK |k FIL | ||
| 952 | |0 0 |1 0 |4 0 |6 185_000000000000000_SIM_1971 |7 0 |8 P |9 226271 |a BIBEDU |b BIBEDU |c BIBEDU_PB |d 2019-11-15 |h v.2 |i 2955520 |o 185 SIM 1971 |p 2955520 |r 2024-01-25 |w 2019-11-15 |y BK |k FIL | ||